A Critical History of Greek Philosophy (Record no. 350751)
[ view plain ]
| 000 -LEADER | |
|---|---|
| fixed length control field | 01081cam a2200325Ia 4500 |
| 001 - CONTROL NUMBER | |
| control field | 9096522 |
| 003 - CONTROL NUMBER IDENTIFIER | |
| control field | OSt |
| 005 - DATE AND TIME OF LATEST TRANSACTION | |
| control field | 20180116183025.0 |
| 008 - FIXED-LENGTH DATA ELEMENTS--GENERAL INFORMATION | |
| fixed length control field | 821021r19531920enk 001 0 eng d |
| 029 1# - OTHER SYSTEM CONTROL NUMBER (OCLC) | |
| OCLC library identifier | NZ1 |
| System control number | 12093973 |
| 035 ## - SYSTEM CONTROL NUMBER | |
| System control number | (OCoLC)ocm08880329 |
| 035 ## - SYSTEM CONTROL NUMBER | |
| System control number | (OCoLC)8880329 |
| 035 ## - SYSTEM CONTROL NUMBER | |
| System control number | (NNC)9096522 |
| 040 ## - CATALOGING SOURCE | |
| Original cataloging agency | CBS |
| Transcribing agency | CBS |
| Modifying agency | OCL |
| -- | ZHM |
| -- | WY@ |
| -- | OCLCG |
| -- | OCLCQ |
| 082 ## - DEWEY DECIMAL CLASSIFICATION NUMBER | |
| Classification number | 182 STA 1962 |
| 090 ## - LOCALLY ASSIGNED LC-TYPE CALL NUMBER (OCLC); LOCAL CALL NUMBER (RLIN) | |
| Classification number (OCLC) (R) ; Classification number, CALL (RLIN) (NR) | B171 |
| Local cutter number (OCLC) ; Book number/undivided call number, CALL (RLIN) | .S8 1953 |
| 092 ## - LOCALLY ASSIGNED DEWEY CALL NUMBER (OCLC) | |
| Classification number | 182 |
| 100 1# - MAIN ENTRY--PERSONAL NAME | |
| Personal name | Stace, W. T. |
| Fuller form of name | (Walter Terence), |
| Dates associated with a name | 1886-1967. |
| 245 12 - TITLE STATEMENT | |
| Title | A Critical History of Greek Philosophy |
| Statement of responsibility, etc. | by W.T. Stace. |
| 260 ## - PUBLICATION, DISTRIBUTION, ETC. | |
| Place of publication, distribution, etc. | London : |
| Name of publisher, distributor, etc. | Macmillan, |
| Date of publication, distribution, etc. | 1953. |
| 300 ## - PHYSICAL DESCRIPTION | |
| Extent | xiv, 386 p. ; |
| Dimensions | 19 cm. |
| Other physical details | HB |
| 440 ## - SERIES STATEMENT/ADDED ENTRY--TITLE | |
| Title | A Critical History of Greek Philosophy |
| 500 ## - GENERAL NOTE | |
| General note | Includes indexes. |
| 500 ## - GENERAL NOTE | |
| General note | "This book contains the substance, and for the most part the words, of a course of public lectures delivered during the first three months of 1919." |
| 500 ## - GENERAL NOTE | |
| General note | Reprint of 1920 edition. |
| 650 #0 - SUBJECT ADDED ENTRY--TOPICAL TERM | |
| Topical term or geographic name entry element | Philosophy, Ancient |
| General subdivision | History. |
| 942 ## - ADDED ENTRY ELEMENTS (KOHA) | |
| Source of classification or shelving scheme | |
| Koha item type | Book |
| 948 2# - LOCAL PROCESSING INFORMATION (OCLC); SERIES PART DESIGNATOR (RLIN) | |
| Series part designator, SPT (RLIN) | 20111110 |
| b (OCLC) | a |
| c (OCLC) | garecap6 |
| d (OCLC) | RCP |
| Withdrawn status | Lost status | Source of classification or shelving scheme | Damaged status | Not for loan | Collection code | Permanent Location | Current Location | Shelving location | Date acquired | Total Checkouts | Total Renewals | Full call number | Barcode | Checked out | Date last seen | Date last checked out | Price effective from | Koha item type |
|---|---|---|---|---|---|---|---|---|---|---|---|---|---|---|---|---|---|---|
| Central Library (CL) | Central Library (CL) | Fiction | 12/03/2015 | 5 | 8 | 182 STA 1962 | NBSD-2176 | 04/11/2026 | 12/24/2025 | 12/24/2025 | 12/03/2015 | Book |
